| 000 | 00634nam a2200217 i 4500 | ||
|---|---|---|---|
| 001 | 9149 | ||
| 003 | ES-MaACL | ||
| 005 | 20250911062821.0 | ||
| 007 | t| | ||
| 008 | 930519s1985 sp |||| | spa d | ||
| 020 | _a84-7522-250-5 | ||
| 080 | _a821.134.2-1(082.2) | ||
| 245 | 0 | 0 | _aCancionero moderno de obras alegres. |
| 260 |
_aLondon : _bH. W. Spirrtual ; _aMadrid : _bVisor, _c1985. |
||
| 300 |
_a175 p. ; _c20 cm. |
||
| 490 | 1 |
_aColección Visor de poesía ; _v200 |
|
| 650 | 7 |
_aPoesías españolas _2embne _916214 |
|
| 830 | 0 |
_aColección Visor de poesía _v200 _9177331 |
|
| 852 |
_aES-MaACL _jL-16615 |
||
| 999 |
_c9149 _d9149 |
||